Entry Personal Name
Number of records used in: 2
001 - CONTROL NUMBER
003 - CONTROL NUMBER IDENTIFIER
005 - DATE AND TIME OF LATEST TRANSACTION
- control field:
20160624140955.0
008 - FIXED-LENGTH DATA ELEMENTS
- fixed length control field:
160624|| aca||aabn | a|a d
040 ## - CATALOGING SOURCE
- Original cataloging agency:
OSt
- Transcribing agency:
OSt
100 ## - HEADING--PERSONAL NAME
- Personal name:
Fox, Walter
670 ## - SOURCE DATA FOUND
- Source citation:
Work cat.: (OSt): Fox, Walter, Writing the News, 2003